000 00463 a2200157 4500
005 20250617145659.0
020 _a978-1-119-11986-9
082 _a005.276 MIN
100 _aMINNICK, C.
245 _aJava Script for Kids.
260 _aCanada,
_bJohn Wiley,
_c2015.
300 _aviii, 370p.: ill.; figure, picture, table.
_bIndex.
_c23cm
700 _aHOLLAND, E.
856 _yAccess online book
_fComputer
_dhttp://booksupport.wiley.com
942 _2ddc
_cBKS
999 _c158
_d158